England - Russia UEFA Euro 2016 - Statistics

General Stats
  • This quiz has been taken 57 times
  • The average score is 14 of 29
Answer Stats
Answer % Correct
Harry Kane
96%
Joe Hart
91%
Raheem Sterling
84%
Kyle Walker
80%
Chris Smalling
78%
Eric Dier ¹
78%
Danny Rose
76%
Dele Alli
76%
Gary Cahill
73%
Wayne Rooney
73%
Igor Akinfeev
64%
Roy Hodgson
60%
Adam Lallana
53%
James Milner
51%
Artyom Dzyuba
47%
Jack Wilshere
44%
Aleksandr Kokorin
31%
Vasili Berezutski
31%
Aleksandr Golovin
27%
Oleg Shatov
27%
Fyodor Smolov
24%
Sergei Ignashevich
24%
Denis Glushakov ¹
18%
Igor Smolnikov
18%
Roman Neustädter
16%
Roman Shirokov
11%
Leonid Slutsky
9%
Pavel Mamaev
9%
Georgi Shchennikov
2%
No matching quizzes found
Score Distribution
Percent of People with Each Score
Percentile by Number Answered
Your Score History
You have not taken this quiz